[Event "Rohde op 10th"]
[Site "Sautron"]
[Date "2010.10.25"]
[Round "4.5"]
[White "Abbasov, Farid"]
[Black "Monroy, Charles"]
[Result "1-0"]
[WhiteElo "2540"]
[BlackElo "2431"]
[PlyCount "61"]
[EventDate "2010.10.23"]
[EventType "swiss"]
[EventRounds "9"]
[EventCountry "FRA"]
[SourceDate "2010.10.30"]

1. d4 d6 2. Nf3 Nf6 3. c4 g6 4. Nc3 Bg7 5. e4 O-O 6. Be2 e5 7. O-O Nc6 8. d5
Ne7 9. Ne1 Nd7 10. Be3 f5 11. f3 f4 12. Bf2 g5 13. Rc1 Nf6 14. c5 a6 15. b4 Ng6
16. Nd3 Rf7 17. cxd6 cxd6 18. Na4 Nd7 19. Qb3 b5 20. Nac5 dxc5 21. bxc5 g4 22.
Rfd1 Nf6 23. d6 g3 24. Be1 gxh2+ 25. Kh1 Nh5 26. c6 Bf6 27. d7 Bxd7 28. cxd7
Bh4 29. Rc8 Rxc8 30. dxc8=Q Qxc8 31. Bxh4 1-0

[Event "Rohde op 10th"]
[Site "Sautron"]
[Date "2010.10.25"]
[Round "3.3"]
[White "Pap, Gyula"]
[Black "Pogorelov, Ruslan"]
[Result "1-0"]
[WhiteElo "2519"]
[BlackElo "2447"]
[PlyCount "70"]
[EventDate "2010.10.23"]
[EventType "swiss"]
[EventRounds "9"]
[EventCountry "FRA"]
[SourceDate "2010.10.30"]

1. d4 Nf6 2. c4 e6 3. Nf3 b6 4. g3 Ba6 5. b3 Bb4+ 6. Bd2 Be7 7. Bg2 d5 8. cxd5
exd5 9. Nc3 O-O 10. O-O Bb7 11. Qc2 c5 12. Rfd1 Na6 13. Rac1 Qc8 14. Qb1 h6 15.
Nh4 Rd8 16. dxc5 bxc5 17. Qf5 Qe6 18. Ng6 Bf8 19. Qxe6 fxe6 20. Be3 Bc6 21. Bf4
Be8 22. Nxf8 Kxf8 23. h3 Rac8 24. g4 Nb4 25. Rd2 d4 26. Ne4 Nxe4 27. Bxe4 Nd5
28. Be5 Rc6 29. e3 dxe3 30. fxe3 Rd7 31. Rf2+ Kg8 32. Rcf1 Rf7 33. Bh7+ Kf8 34.
Bg6 Rxf2 35. Rxf2+ Ke7 1-0